Prehľad zdravotných obvodov v okrese Banská Bystrica.
Uložené v:
| Médium: | Kniha |
|---|---|
| Jazyk: | Slovak |
| Vydané: |
Banská Bystrica :
Oblastná správa Štatistického úradu SR B. Bystrica,
1993
|
| Vydanie: | 1. vyd. |
| Edícia: | Štatistické informácie
1. Zdravotníctvo |
| Témy: | |
| ISBN: |
(brož.) |
| Fyzický popis: |
Nestr. |
| Tagy: |
Pridať tag
Žiadne tagy, Buďte prvý kto otaguje tento záznam!
|
Titul je dostupný aj v ... 

MARC
| LEADER | 00000nam a2200000 a 4500 | ||
|---|---|---|---|
| 001 | 000074913 | ||
| 003 | SVKK | ||
| 005 | 20010430000000.0 | ||
| 008 | 000512s1993 xo e sloo | ||
| 020 | |a (brož.) | ||
| 040 | |a SVKKK |b slo |c SVKKK |e AACR2 | ||
| 041 | 0 | |a slo | |
| 044 | |a xo |c SK | ||
| 080 | |a 311.313(437.642) |2 1997 | ||
| 080 | |a 362.1(437.642)(083.41) |2 1997 | ||
| 080 | |a 614(437.642)(083.41) |2 1997 | ||
| 245 | 0 | 0 | |a Prehľad zdravotných obvodov v okrese Banská Bystrica. |
| 250 | |a 1. vyd. | ||
| 260 | |a Banská Bystrica : |b Oblastná správa Štatistického úradu SR B. Bystrica, |c 1993 | ||
| 300 | |a Nestr. | ||
| 440 | 0 | |a Štatistické informácie |v 1. | |
| 440 | 0 | |p Zdravotníctvo | |
| 653 | 0 | |a štatistika |2 SVKKKPH | |
| 653 | 0 | |a zdravotníctvo |2 SVKKKPH | |
| 653 | 0 | |a obvody zdravotné |2 SVKKKPH | |
| 653 | 0 | |a Banská Bystrica (Slovensko : okres) |2 SVKKKPH | |
| 653 | 0 | |a tabuľky štatistické |2 SVKKKPH | |
| 655 | 7 | |a informačné publikácie |2 SVKKKPH | |
| 910 | |a svkkk | ||
| 974 | |a MI |d 20000512 | ||
| 974 | |a PA |d 20000512 | ||
| 974 | |a PA |d 20010430 | ||
| 998 | |a BK | ||
| 090 | |g SCKHL |k Sklad Pribinova 3. posch. |a V.187917 |j 867770 |i 2720854510 |s Absenčne | ||